| 000 | 00798nam a22002777a 4500 | ||
|---|---|---|---|
| 001 | 0001370 | ||
| 003 | KOHA_MİRAKIL | ||
| 005 | 20260207001239.0 | ||
| 007 | ta | ||
| 008 | 110823b2008 tu |||gr||||#||||0|tur | | ||
| 020 |
_a9789944711111 _c45,69 |
||
| 040 |
_aTR-BiSEU _btur _cTR-BiSEU _erda |
||
| 041 | 0 | _atur | |
| 044 | _ctu | ||
| 050 |
_aTK5105.8883 _b.J66 2008 |
||
| 245 | 0 |
_aJoomla! osCommerce SMF, WordPress/ _cAytuğ Akar...[ve bşk.]. |
|
| 264 | 1 |
_aİstanbul : _bPusula _c2008 |
|
| 300 | _a516 sayfa+ 1 Adet CD | ||
| 336 |
_ametin _btxt _2rdacontent |
||
| 337 |
_aaracısız _bn _2rdamedia |
||
| 338 |
_acilt _bnc _2rdacarrier |
||
| 650 | 0 |
_aJoomla! (Computer file). _94448 |
|
| 650 | 0 |
_aWeb sites--Authoring programs. _91528 |
|
| 650 | 0 |
_aWeb site development. _94449 |
|
| 942 |
_2lcc _cBK |
||
| 999 |
_c1360 _d1360 |
||